Journal of parallel and distributed computing
Saved in:
| Format: | Serial |
|---|---|
| Language: | English |
| Published: |
Orlado; Fla. :
Academic Press,
1984-
|
| Subjects: | |
| Tags: |
Add Tag
No Tags, Be the first to tag this record!
|
MARC
| LEADER | 00000nas a2200000 i 4500 | ||
|---|---|---|---|
| 001 | 1/25652 | ||
| 008 | 020708c19849999 eng d | ||
| 022 | |a 07437315 | ||
| 035 | |l 10068104 | ||
| 040 | |a GR-MY-UA |b gre |e aacr | ||
| 041 | 0 | |a eng | |
| 082 | 0 | |a 004.05 | |
| 245 | 1 | 0 | |a Journal of parallel and distributed computing |h [περιοδικό] |
| 260 | |a Orlado; Fla. : |b Academic Press, |c 1984- | ||
| 300 | |a v.; |b ill.; |c 25 cm. | ||
| 310 | |a Monthly, Jan. 1991- | ||
| 650 | 0 | 0 | |a Electronic data processing |x Distributed processing |x Periodicals. |
| 650 | 0 | 0 | |a Parallel processing (Electronic computers) |x Periodicals. |
| 853 | |a INST |b SAMOS |c SER | ||
| 922 | |a 3ΕΛΗ |b 200207 |c ΤΜΗΜΑ ΜΑΘΗΜΑΤΙΚΩΝ |d LEADER BOOKS | ||